|
|
|
|
| LEADER |
00848nam a22002417a 4500 |
| 001 |
AAL91 |
| 003 |
BD-DhAAL |
| 005 |
20160113172629.0 |
| 008 |
160113s 1993nau||||| b||| 00| 0 eng d |
| 020 |
|
|
|a 0673551946
|
| 040 |
|
|
|a BD-DhAAL
|c BD-DhAAL
|
| 082 |
|
|
|a 973
|
| 100 |
|
|
|a Brown, Carol
|9 17356
|
| 245 |
|
|
|a America through the eyes of its people :
|b a collection of primary sources /
|c Carol Brown
|
| 260 |
|
|
|a New York :
|b HarperCollins College Publishers,
|c ©1993.
|
| 300 |
|
|
|a 233 P. ;
|c 28 cm.
|
| 504 |
|
|
|6 Includes bibliography.
|
| 541 |
|
|
|e 91
|
| 651 |
|
|
|a United States
|x History.
|9 17357
|
| 651 |
|
|
|a United States
|9 17358
|
| 942 |
|
|
|2 ddc
|c BK
|
| 999 |
|
|
|c 36603
|d 36603
|
| 952 |
|
|
|0 0
|1 0
|2 ddc
|4 0
|6 973_000000000000000_BRO
|7 0
|9 57592
|a SCL
|b SCL
|c GEN
|d 2016-01-13
|e Gift: The Asia Foundation
|l 0
|o 973 BRO
|p 3020000091
|r 2016-01-13
|t 1
|w 2016-01-13
|y BK
|